La prolongación analítica de la integral de Dirchlet-Stieltjes / (Record no. 127976)

MARC details
000 -LEADER
campo de control de longitud fija 00655nam a2200181 4500
001 - NÚMERO DE CONTROL
campo de control 127976
003 - IDENTIFICADOR DE NÚMERO DE CONTROL
campo de control ES-MaACL
005 - FECHA Y HORA DE LA ÚLTIMA TRANSACCIÓN
campo de control 20251003063124.0
007 - CAMPO FIJO DE DESCRIPCIÓN FÍSICA--INFORMACIÓN GENERAL
campo de control de longitud fija t|
008 - DATOS DE LONGITUD FIJA--INFORMACIÓN GENERAL
campo de control de longitud fija 070214s1944 sp r ||||1| spa d
100 1# - ENTRADA PRINCIPAL--NOMBRE DE PERSONA
Nombre de persona Ríos, Sixto,
Fechas asociadas al nombre 1913-2008
9 (RLIN) 97375
245 13 - MENCIÓN DEL TÍTULO
Título La prolongación analítica de la integral de Dirchlet-Stieltjes /
Mención de responsabilidad, etc. Sixto Ríos.
260 ## - PUBLICACIÓN, DISTRIBUCIÓN, ETC.
Lugar de publicación, distribución, etc. Madrid :
Nombre del editor, distribuidor, etc. Consejo Superior de Investigaciones Científicas. Patronato `Alfonso el Sabio`. Instituto Jorge Juan,
Fecha de publicación, distribución, etc. 1944.
300 ## - DESCRIPCIÓN FÍSICA
Extensión 92 p. ;
Dimensiones 24 cm.
710 2# - ENTRADA AGREGADA--NOMBRE DE ENTIDAD CORPORATIVA
Nombre de entidad corporativa o nombre de jurisdicción como elemento de entrada Patronato Alfonso el Sabio (Madrid)
9 (RLIN) 198500
852 ## - LOCALIZACIÓN
Ubicación ES-MaACL
Número de control de estantería 1852-F-10
Sublocalización o colección R.21454
Holdings
Estatus retirado Estado de pérdida Estado de daño No para préstamo Colección Biblioteca de origen Biblioteca actual Ubicación en estantería Fecha de adquisición Fuente de adquisición Total de préstamos Signatura topográfica completa Código de barras Visto por última vez Precio de reemplazo Tipo de ítem Koha
        Colección de folletos Biblioteca del Ateneo de Madrid Biblioteca del Ateneo de Madrid Depósito folletos 17/01/2008     1852-F-10 1133291 23/02/2023 23/02/2023 Folleto